00474nam a2200157Ia 4500100002100000650001200021942000700033366000700040245002900047260002500076082001500101300000800116546002300124999001700147952015200164 aSanthanam/Vijay  aFiction cBK f20 aIf cricket is a religion bHarper collinsc2009 a808.8bSAN a204 aENGLISHcComputers c34869d34869 001040708CRCaCRCEbCRCEd2023-03-17eBook Service Syndicateg200.00i519 dt 28/03/2012l0o808.8 SANp21906r2023-03-17v250.00w0000-00-00yBK